Loading...
The collected short stories of Khushwant Singh
| Main Author: | |
|---|---|
| Format: | Printed Book |
| Language: | English |
| Published: |
Delhi:
Ravi Dayal Publisher,
2003
|
| LEADER | 00556nam a22001577a 4500 | ||
|---|---|---|---|
| 003 | OSt | ||
| 005 | 20200624134646.0 | ||
| 008 | 160601b xxu||||| |||| 00| 0 eng d | ||
| 082 | |a IN823.912S108 COL | ||
| 100 | |a Khushwant Singh | ||
| 245 | |a The collected short stories of Khushwant Singh | ||
| 260 | |a Delhi: |b Ravi Dayal Publisher, |c 2003 | ||
| 300 | |a 219p. | ||
| 942 | |2 ddc |c BK | ||
| 999 | |c 329807 |d 329807 | ||
| 952 | |0 0 |1 0 |2 ddc |4 0 |6 IN_823_000000000000000_912S108_COL |7 0 |9 376402 |a CSC |b CSC |c ST1 |d 2016-06-01 |i 12165 |l 0 |o IN823.912S108 COL |p CSC12165 |r 2016-06-01 |w 2016-06-01 |y BK | ||